Представление документа в формате MARC21

Поле Инд. ПП Название Значение
Тип записи a
Библиографический уровень m
001 Контрольный номер 21f03bb98ed241e58e2d72ea5a8f2172
005 Дата корректировки 20260211095618.5
020 a ISBN 978-5-04-214552-0
c Цена, тираж 750-00
084 a Индекс другой классификации/Индекс ББК 84(2=411.2)6
090 a Полочн. индекс 84(2=411.2)6
c Каталожный индекс 84(2=411.2)6
x Авторский знак К 80
091 i Возрастная адресация (DOS) 18+
097 b Оператор Попеленкова
100 1_ a Автор Кретова Е. В.
q Полное имя Кретова Евгения Витальевна
245 10 a Заглавие Шепот Морены
b Продолж. заглавия [18+]
260 a Место издания Москва
b Издательство Эксмо
c Дата издания 2025
300 a Объем 384 с.
440 _0 a Серия Young Adult. Вкус страха. Мистические истории
900 a Имя макрообъекта о1576773
901 t Тип документа m